The palace of illusions : a novel /

Bibliographic Details
Main Author: Divakaruni, Chitra Banerjee, 1956-
Format: Book
Language:English
Published: New York ; India : Doubleday ; Picador India, c2008, 2024.
Edition:Fifteenth Anniversary edition.
Subjects:
Classic Catalogue: View this record in Classic Catalogue
LEADER 01312nam a2200301 a 4500
001 45410
003 BD-DhAAL
005 20260405101203.0
008 260405t2008 nyu 000 1 eng
010 |a  2007033784 
020 |a  9789386215963 
035 |a 14971438 
040 |a DLC  |c DLC  |d DLC  |d BD-DhAAL 
043 |a a-ii--- 
050 0 0 |a PS3554.I86  |b P35 2008 
082 0 0 |a 813.54  |2 22 
100 1 |a Divakaruni, Chitra Banerjee,  |d 1956-  |9 10167 
245 1 4 |a The palace of illusions :  |b a novel /  |c Chitra Lekha Banerjee Divakaruni. 
250 |a Fifteenth Anniversary edition. 
260 |a New York ;  |a India :  |b Doubleday ;  |b Picador India,  |c c2008, 2024. 
300 |a xv, 360 pages ;  |c 22 cm. 
500 |a Retelling of the Mahābhārata. 
541 |e 45410 
651 0 |a India  |x History  |y To 324 B.C.  |v Fiction.  |9 60410 
655 7 |a Fiction.  |2 lcgft 
942 |2 ddc  |c BK 
999 |c 47763  |d 47763 
952 |0 0  |1 0  |2 ddc  |4 0  |6 813_540000000000000_DIV  |7 0  |9 78895  |a BRACUL  |b BRACUL  |c NEW  |d 2026-04-05  |e Donated by Farhana Zahir, Assistant Professor, BRAC Business School, BRAC University  |l 1  |m 8  |o 813.54 DIV  |p 3010045410  |q 2026-06-02  |r 2026-04-11  |s 2026-04-11  |t 1  |w 2026-04-05  |y BK  |x Donated copy received from Farhana Zahir, Assistant Professor, BRAC Business School, BRAC University on 17 February 2026; Price not available in the book